00864 a2200205 45000010006000000050017000060080041000230030015000640400040000790800035001192450048001540200022002022640033002243000019002575050230002760410008005061000027005147000022005418560095005634121620260407155706.0260407a2006 arg spa dAR-UNSa-BCEJYS aAR-UNSa-BCEJYSbspacAR-UNSa-BCEJYS a347.72xSociedades comerciales10aProblemas y cuestiones sobre las sociedades a978-950-894-603-4 1aBuenos Aires :bAD-HOCc2006 a396 p.c23 cm. a1. Registración societaria - 2. Sociedades irregulares y de hecho - 3. Financiamiento de sociedades comerciales - 4. Otros aspectos controvertidos - 5. Conflictos societarios - 6. Responsabilidad de socios y administradores aspa1 aVítolo, Daniel Roque1 aPardini, Marta G.41uhttps://biblioeco.unsa.edu.ar/pmb/images/libros/L126456.jpgyImagen de portadaqimage/jpeg